[Event "SWE Cup"]
[Site "Linkoping"]
[Date "2016.09.11"]
[Round "7.2"]
[White "Aperia, Jakob"]
[Black "Johansson, David R"]
[Result "1-0"]
[WhiteElo "2102"]
[BlackElo "2106"]
[PlyCount "113"]
[EventDate "2016.09.09"]
[EventType "team-k.o."]
[EventRounds "7"]
[EventCountry "SWE"]
[SourceTitle "CBM 174 Extra"]
[Source "ChessBase"]
[SourceDate "2016.10.10"]
[SourceVersion "1"]
[SourceVersionDate "2016.10.10"]
[SourceQuality "1"]
[WhiteTeam "Stockholm CC"]
[BlackTeam "Umea Rockaden"]
[WhiteTeamCountry "SWE"]
[BlackTeamCountry "SWE"]

1. c4 c5 2. g3 g6 3. Bg2 Bg7 4. Nc3 Nc6 5. a3 d6 6. Rb1 a5 7. d3 e5 8. e4 Nge7 9. Nge2 0-0 10. 0-0 Nd4 11. b4 axb4 12. axb4 b6 13. f4 Bd7 14. bxc5 bxc5 15. Nxd4 cxd4 16. Nb5 Bc6 17. Qb3 Qd7 18. Bd2 Rfb8 19. Ra1 Rxa1 20. Rxa1 Bxb5 21. Rb1 Bh6 22. cxb5 Qg4 23. Rf1 Qe6 24. Qxe6 fxe6 25. Rb1 exf4 26. Bxf4 Bxf4 27. gxf4 Rb6 28. Bf3 Kf7 29. Bd1 Kf6 30. Ba4 d5 31. Rc1 Rb7 32. Kf2 Ra7 33. Bd1 Ra2+ 34. Kg3 Rb2 35. Rc5 Rd2 36. e5+ Kf7 37. Bc2 Nf5+ 38. Kh3 Ne3 39. b6 Nxc2 40. b7 Rxd3+ 41. Kg4 Rb3 42. Rc7+ Ke8 43. Rc8+ Kd7 44. b8Q Rxb8 45. Rxb8 Ne3+ 46. Kf3 h6 47. Rg8 Nf5 48. Ke2 Ke7 49. Rxg6 Kf7 50. Rf6+ Ke7 51. Rxf5 exf5 52. Kd3 Kd7 53. Kxd4 Kc6 54. h3 h5 55. h4 Kd7 56. Kxd5 Ke7 57. e6 1-0

[Event "SWE Cup"]
[Site "Linkoping"]
[Date "2016.09.09"]
[Round "2.1"]
[White "Aperia, Jakob"]
[Black "Andreasson, Vincent"]
[Result "0-1"]
[WhiteElo "2102"]
[BlackElo "1972"]
[PlyCount "90"]
[EventDate "2016.09.09"]
[EventType "team-k.o."]
[EventRounds "7"]
[EventCountry "SWE"]
[SourceTitle "CBM 174 Extra"]
[Source "ChessBase"]
[SourceDate "2016.10.10"]
[SourceVersion "1"]
[SourceVersionDate "2016.10.10"]
[SourceQuality "1"]
[WhiteTeam "Stockholm CC"]
[BlackTeam "Manhem"]
[WhiteTeamCountry "SWE"]
[BlackTeamCountry "SWE"]

1. c4 c6 2. e4 d5 3. exd5 cxd5 4. cxd5 Nf6 5. Bb5+ Bd7 6. Bc4 b5 7. Bb3 Na6 8. Nf3 Nb4 9. 0-0 Nbxd5 10. Nc3 Nc7 11. d4 b4 12. Ne5 e6 13. Nxd7 Nxd7 14. Ne4 Be7 15. Bf4 0-0 16. Rc1 Ne8 17. d5 e5 18. Be3 Nd6 19. Nc5 Nb6 20. Qh5 Bf6 21. Na6 Rc8 22. Nxb4 Qd7 23. Nc6 g6 24. Qf3 Bg7 25. Rfd1 e4 26. Qe2 Nf5 27. Bc5 Rfe8 28. a4 Bh6 29. Rc3 Bg7 30. Rc2 Qb7 31. Rdc1 Nd7 32. Na5 Qb8 33. Be3 Rxc2 34. Qxc2 Nxe3 35. fxe3 Qb6 36. Nc4 Qb4 37. Nd2 f5 38. Bc4 Rc8 39. b3 Kh8 40. Qd1 Ne5 41. Bb5 Rc3 42. Nb1 Rxb3 43. Rc8+ Bf8 44. Rxf8+ Kg7 45. Re8 Rxb1 0-1

[Event "SWE-ch U20"]
[Site "Falun"]
[Date "2012.07.12"]
[Round "6"]
[White "Berggren, Jonatan"]
[Black "Aperia, Jakob"]
[Result "1/2-1/2"]
[WhiteElo "2170"]
[BlackElo "2094"]
[PlyCount "119"]
[EventDate "2012.07.07"]
[EventType "tourn"]
[EventRounds "9"]
[EventCountry "SWE"]
[SourceTitle "CBM 149 Extra"]
[Source "ChessBase"]
[SourceDate "2012.08.24"]
[SourceVersion "1"]
[SourceVersionDate "2012.08.24"]
[SourceQuality "1"]

1. e4 c6 2. d4 d5 3. exd5 cxd5 4. Bd3 Nc6 5. c3 Qc7 6. Ne2 Bg4 7. f3 Bd7 8. Bf4 e5 9. dxe5 Nxe5 10. 0-0 Bd6 11. Nd4 Nf6 12. Na3 a6 13. Re1 0-0 14. Bg3 Nh5 15. Bf5 Nxg3 16. hxg3 g6 17. f4 Bxa3 18. bxa3 Nc6 19. Bd3 Nxd4 20. cxd4 Qc3 21. Be2 Qxg3 22. Bf3 Qxf4 23. Bxd5 Bc6 24. Re4 Qf6 25. Bxc6 bxc6 26. Qc2 Rae8 27. Rc1 Qd6 28. Kh1 Rc8 29. Qa4 Qd5 30. Re5 Qxa2 31. Qxa6 Qb2 32. Rd1 Rcd8 33. Qc4 Qxa3 34. Qxc6 Rxd4 35. Rxd4 Qa1+ 36. Kh2 Qxd4 37. Re8 Rxe8 38. Qxe8+ Kg7 39. Qb8 h5 40. Qb5 Qf4+ 41. Kg1 h4 42. Qb2+ Kh7 43. Qb3 Qc1+ 44. Kh2 Kg7 45. Qd3 Qc7+ 46. Kh1 Qe5 47. Qc4 Qe1+ 48. Kh2 Qg3+ 49. Kh1 h3 50. Qd4+ Kh7 51. gxh3 Qxh3+ 52. Kg1 Qf5 53. Qh4+ Kg7 54. Qd4+ Qf6 55. Qa4 g5 56. Qd7 g4 57. Qc8 Qf3 58. Qc5 g3 59. Qg5+ Kh7 60. Qg7+ 1/2-1/2

[Event "SWE-ch U20"]
[Site "Falun"]
[Date "2012.07.11"]
[Round "5"]
[White "Lindgren, Philip"]
[Black "Aperia, Jakob"]
[Result "0-1"]
[WhiteElo "2234"]
[BlackElo "2094"]
[PlyCount "84"]
[EventDate "2012.07.07"]
[EventType "tourn"]
[EventRounds "9"]
[EventCountry "SWE"]
[SourceTitle "CBM 149 Extra"]
[Source "ChessBase"]
[SourceDate "2012.08.24"]
[SourceVersion "1"]
[SourceVersionDate "2012.08.24"]
[SourceQuality "1"]

1. d4 c6 2. c4 d5 3. Nf3 Nf6 4. Nc3 a6 5. c5 Nbd7 6. Bf4 Nh5 7. Qd2 Nxf4 8. Qxf4 g6 9. e4 Nf6 10. e5 Nh5 11. Qd2 Ng7 12. h3 h5 13. Na4 Rb8 14. Nb6 Ne6 15. g3 Bh6 16. Qc3 Ng5 17. Nxg5 Bxg5 18. f4 Bh6 19. Qe3 Bf5 20. 0-0-0 e6 21. Bd3 Bxd3 22. Rxd3 g5 23. Qf2 f5 24. exf6 Qxf6 25. Qe2 Ke7 26. fxg5 Bxg5+ 27. Kb1 h4 28. Rf1 Qg6 29. Ka1 Rbf8 30. gxh4 Qe4 31. Qd1 Bxh4 32. Rdf3 Rxf3 33. Rxf3 Bf6 34. Rd3 Qg2 35. a3 Rxh3 36. Nc8+ Kd7 37. Rxh3 Qxh3 38. Nd6 b6 39. Qa4 bxc5 40. dxc5 Qf1+ 41. Ka2 Be7 42. Nc8 Bxc5 0-1

[Event "SWE-ch U20"]
[Site "Falun"]
[Date "2012.07.08"]
[Round "2"]
[White "Aperia, Jakob"]
[Black "Thorn, Eric"]
[Result "0-1"]
[WhiteElo "2094"]
[BlackElo "2059"]
[PlyCount "54"]
[EventDate "2012.07.07"]
[EventType "tourn"]
[EventRounds "9"]
[EventCountry "SWE"]
[SourceTitle "CBM 149 Extra"]
[Source "ChessBase"]
[SourceDate "2012.08.24"]
[SourceVersion "1"]
[SourceVersionDate "2012.08.24"]
[SourceQuality "1"]

1. c4 Nf6 2. g3 g6 3. Bg2 Bg7 4. Nc3 0-0 5. d4 d6 6. Nf3 Nc6 7. 0-0 a6 8. Bf4 Bf5 9. d5 Na5 10. Nd2 c5 11. e4 Bg4 12. Qc2 Qd7 13. Rfe1 Nh5 14. Be3 e5 15. dxe6 Bxe6 16. Nd5 Rae8 17. Rad1 Nc6 18. Nb3 Bxd5 19. Rxd5 Nb4 20. Qd2 Nxd5 21. cxd5 Qa4 22. g4 Nf6 23. f3 Qxa2 24. Nc1 Qa4 25. Ne2 Nd7 26. Bh6 Qb4 27. Nc3 Qd4+ 0-1

[Event "Rilton Cup 41st"]
[Site "Stockholm"]
[Date "2011.12.30"]
[Round "4"]
[White "De Filomeno, Simone"]
[Black "Aperia, Jakob"]
[Result "1-0"]
[WhiteElo "2299"]
[BlackElo "2059"]
[PlyCount "41"]
[EventDate "2011.12.27"]
[EventType "swiss"]
[EventRounds "9"]
[EventCountry "SWE"]
[SourceTitle "CBM 146 Extra"]
[Source "ChessBase"]
[SourceDate "2012.02.29"]
[SourceVersion "1"]
[SourceVersionDate "2012.02.29"]
[SourceQuality "1"]

1. e4 c6 2. d4 d5 3. e5 Bf5 4. Nf3 e6 5. Nbd2 Ne7 6. Nb3 Nd7 7. Be2 Bg4 8. 0-0 c5 9. Nxc5 Nxc5 10. dxc5 Nc6 11. Be3 Bxf3 12. Bxf3 Nxe5 13. Bd4 Nxf3+ 14. Qxf3 Qc7 15. b4 f6 16. Rfe1 Kf7 17. Re3 Re8 18. Bxf6 gxf6 19. Qh5+ Ke7 20. Rxe6+ Kxe6 21. Re1+ 1-0

[Event "Stockholm Elo op"]
[Site "Stockholm"]
[Date "2009.05.23"]
[Round "6"]
[White "Logdahl, Harald"]
[Black "Aperia, Jakob"]
[Result "1/2-1/2"]
[WhiteElo "2284"]
[BlackElo "2041"]
[PlyCount "98"]
[EventDate "2009.05.20"]
[EventType "swiss"]
[EventRounds "9"]
[EventCountry "SWE"]
[SourceTitle "EXT 2012"]
[Source "ChessBase"]
[SourceDate "2011.11.24"]
[SourceVersion "1"]
[SourceVersionDate "2011.11.24"]
[SourceQuality "1"]

1. d4 Nf6 2. Nc3 d5 3. Bg5 e6 4. e4 dxe4 5. Nxe4 Nbd7 6. Nf3 Be7 7. Ned2 0-0 8. Be2 h6 9. Bh4 c5 10. 0-0 b6 11. dxc5 Nxc5 12. Ne5 Bb7 13. Bf3 Bxf3 14. Ndxf3 Rc8 15. Qe2 Nfd7 16. Bg3 Nxe5 17. Nxe5 Bf6 18. Rad1 Qe7 19. Qg4 Bxe5 20. Bxe5 Qg5 21. Qxg5 hxg5 22. b3 Rfd8 23. Rfe1 f6 24. Bd4 e5 25. Bxc5 Rxd1 26. Rxd1 Rxc5 27. c4 b5 28. cxb5 Rxb5 29. Rd7 a5 30. Ra7 Rc5 31. g4 e4 32. a4 Re5 33. Kf1 e3 34. fxe3 Rxe3 35. Rb7 Kh7 36. Rb5 Kg6 37. Kf2 Rh3 38. Rxa5 Rxb3 39. Rb5 Ra3 40. a5 Ra2+ 41. Ke3 Rxh2 42. a6 Ra2 43. Rb6 Ra4 44. Kf3 Rf4+ 45. Kg3 Ra4 46. Rc6 Ra3+ 47. Kf2 Ra4 48. Kf3 Rf4+ 49. Kg3 Ra4 1/2-1/2

[Event "Stockholm Elo op"]
[Site "Stockholm"]
[Date "2009.05.23"]
[Round "7"]
[White "Poley, Vladimir"]
[Black "Aperia, Jakob"]
[Result "1-0"]
[WhiteElo "2312"]
[BlackElo "2041"]
[PlyCount "105"]
[EventDate "2009.05.20"]
[EventType "swiss"]
[EventRounds "9"]
[EventCountry "SWE"]
[SourceTitle "EXT 2012"]
[Source "ChessBase"]
[SourceDate "2011.11.24"]
[SourceVersion "1"]
[SourceVersionDate "2011.11.24"]
[SourceQuality "1"]

1. Nf3 Nf6 2. d4 e6 3. e3 b6 4. Bd3 Bb7 5. Nbd2 c5 6. 0-0 Be7 7. b3 0-0 8. Bb2 d5 9. Ne5 Ne4 10. Nxe4 dxe4 11. Bc4 cxd4 12. Bxd4 Bf6 13. Qg4 Kh8 14. Rad1 Qc7 15. Qg3 Qe7 16. Ba1 Ba6 17. Bxa6 Nxa6 18. Rd7 Qe8 19. Rfd1 Nc5 20. R7d2 a5 21. Bd4 Rd8 22. h3 Rg8 23. Nc4 Bxd4 24. exd4 Nd7 25. Nd6 Qe7 26. Nxe4 Nf6 27. Qh4 Rd7 28. Nxf6 Qxf6 29. Qxf6 gxf6 30. Kf1 b5 31. c3 Rc8 32. Rd3 a4 33. Ke2 axb3 34. axb3 Ra7 35. Rb1 e5 36. dxe5 fxe5 37. g4 e4 38. Re3 Ra2+ 39. Kf1 Rc2 40. Rxe4 R8xc3 41. Kg2 Rc5 42. Rf4 Kg7 43. Rd1 Rc7 44. Rd5 R2c5 45. Rff5 Rxd5 46. Rxd5 Rb7 47. b4 Rb6 48. f4 f6 49. Kf3 Kg6 50. Ke4 Re6+ 51. Kd4 Re1 52. Rxb5 Rh1 53. Rh5 1-0

[Event "SWE-chT 0809"]
[Site "Sweden"]
[Date "2009.01.17"]
[Round "6"]
[White "Bergstrom, Magnus"]
[Black "Aperia, Jakob"]
[Result "1/2-1/2"]
[WhiteElo "2176"]
[BlackElo "1982"]
[PlyCount "108"]
[EventDate "2008.10.25"]
[EventType "team-tourn"]
[EventRounds "11"]
[EventCountry "SWE"]
[SourceTitle "EXT 2011"]
[Source "ChessBase"]
[SourceDate "2010.11.26"]
[SourceVersion "1"]
[SourceVersionDate "2010.11.26"]
[SourceQuality "1"]

1. c4 c6 2. e4 d5 3. cxd5 cxd5 4. exd5 Nf6 5. Qa4+ Nbd7 6. Nc3 g6 7. d4 Bg7 8. d6 exd6 9. Be2 0-0 10. Bf3 Nb6 11. Qb3 Re8+ 12. Nge2 Bg4 13. Bxg4 Nxg4 14. 0-0 Nh6 15. a4 a5 16. Ng3 Ng4 17. Nb5 h5 18. Qf3 Qd7 19. Ne4 Nxa4 20. Nexd6 Nb6 21. Nxe8 Qxb5 22. Nc7 Qxf1+ 23. Kxf1 Nxh2+ 24. Ke2 Nxf3 25. Nxa8 Nxd4+ 26. Kd1 Nxa8 27. Rxa5 Nc7 28. Ra7 Nb3 29. Rxb7 Nxc1 30. Kxc1 Ne6 31. Kd2 h4 32. Ke2 g5 33. b4 g4 34. Kf1 Be5 35. b5 h3 36. gxh3 gxh3 37. Rd7 Ng5 38. Rd5 f6 39. b6 h2 40. Kg2 Bf4 41. Rf5 Bb8 42. Rc5 Kf7 43. Rc8 Bf4 44. b7 Nh3 45. Rh8 h1Q+ 46. Kxh1 Nxf2+ 47. Kg2 Nd3 48. Kf3 Be5 49. b8Q Bxb8 50. Rxb8 Kg6 51. Rd8 Ne5+ 52. Ke4 Kg5 53. Rd1 Ng4 54. Rf1 Nh6 1/2-1/2

[Event "SWE-chT 0809"]
[Site "Sweden"]
[Date "2008.12.07"]
[Round "5"]
[White "Liljedahl, Lennart"]
[Black "Aperia, Jakob"]
[Result "1/2-1/2"]
[WhiteElo "2238"]
[BlackElo "1982"]
[PlyCount "62"]
[EventDate "2008.10.25"]
[EventType "team-tourn"]
[EventRounds "11"]
[EventCountry "SWE"]
[SourceTitle "EXT 2011"]
[Source "ChessBase"]
[SourceDate "2010.11.26"]
[SourceVersion "1"]
[SourceVersionDate "2010.11.26"]
[SourceQuality "1"]

1. e4 c6 2. d4 d5 3. exd5 cxd5 4. Bd3 Nc6 5. c3 Qc7 6. Na3 a6 7. Nc2 Nf6 8. h3 e6 9. Nf3 Be7 10. 0-0 0-0 11. Re1 b5 12. Bd2 Bb7 13. a4 bxa4 14. Rxa4 Nd7 15. Ne3 Nb6 16. Ra2 a5 17. Bb1 Rfb8 18. Ng4 Bf8 19. Ng5 h6 20. Qc2 g6 21. Nxe6 fxe6 22. Qxg6+ Qg7 23. Qxe6+ Kh8 24. Nxh6 Re8 25. Nf7+ Kg8 26. Nh6+ Kh8 27. Qxe8 Rxe8 28. Rxe8 Bc8 29. Bg6 Qxg6 30. Rxf8+ Kh7 31. Rf7+ Kh8 1/2-1/2

[Event "SWE-chT 0809"]
[Site "Sweden"]
[Date "2008.11.15"]
[Round "2"]
[White "Nygren, Kim"]
[Black "Aperia, Jakob"]
[Result "1-0"]
[WhiteElo "2317"]
[BlackElo "1982"]
[PlyCount "47"]
[EventDate "2008.10.25"]
[EventType "team-tourn"]
[EventRounds "11"]
[EventCountry "SWE"]
[SourceTitle "EXT 2011"]
[Source "ChessBase"]
[SourceDate "2010.11.26"]
[SourceVersion "1"]
[SourceVersionDate "2010.11.26"]
[SourceQuality "1"]

1. e4 c6 2. d4 d5 3. e5 Bf5 4. Nc3 e6 5. g4 Bg6 6. Nge2 Ne7 7. f4 h5 8. f5 Bh7 9. Bg5 hxg4 10. fxe6 fxe6 11. Nf4 Bf5 12. Bd3 Qd7 13. Bxf5 Nxf5 14. Qxg4 Bb4 15. Ng6 Rg8 16. 0-0 Qf7 17. Qh5 Nd7 18. Rxf5 exf5 19. e6 Qxe6 20. Nf4+ g6 21. Qh7 Nf6 22. Bxf6 Qe3+ 23. Kg2 Qd2+ 24. Nce2 1-0

[Event "EU Union-ch U14"]
[Site "Mureck"]
[Date "2008.08.13"]
[Round "8"]
[White "Schnegg, Martin"]
[Black "Aperia, Jakob"]
[Result "1-0"]
[WhiteElo "2061"]
[BlackElo "1893"]
[PlyCount "141"]
[EventDate "2008.08.06"]
[EventType "swiss"]
[EventRounds "9"]
[EventCountry "AUT"]
[SourceTitle "CBM 125 Extra"]
[Source "ChessBase"]
[SourceDate "2008.09.01"]
[SourceVersion "1"]
[SourceVersionDate "2008.09.01"]
[SourceQuality "1"]

1. e4 c6 2. d4 d5 3. Nd2 dxe4 4. Nxe4 Nd7 5. Bd3 Ngf6 6. Ng5 e6 7. N1f3 Bd6 8. Qe2 h6 9. Ne4 Nxe4 10. Qxe4 Qc7 11. Qg4 Kf8 12. 0-0 c5 13. Qh4 b6 14. Be4 Rb8 15. Rd1 c4 16. Ne5 Nf6 17. Bf3 Bb7 18. Bxb7 Rxb7 19. b3 b5 20. Bf4 Kg8 21. bxc4 bxc4 22. Bg3 Kh7 23. Qf4 Rhb8 24. Qf3 Kg8 25. Nc6 Rc8 26. Ne5 Rb6 27. a4 Nd5 28. a5 Ra6 29. Ra4 Bxe5 30. Bxe5 Qd7 31. Rda1 Rac6 32. c3 Qb7 33. R4a3 Ra6 34. h3 Qc6 35. Qg4 f6 36. Bh2 Re8 37. Qh5 Qd7 38. Qe2 Rc6 39. Qb2 f5 40. Be5 f4 41. Qb5 a6 42. Qb2 Qf7 43. Rb1 Rec8 44. Qd2 Qf5 45. Rb7 Nf6 46. Qxf4 Qxf4 47. Bxf4 Nd5 48. Be5 Nc7 49. Ra2 g5 50. Bxc7 R8xc7 51. Rxc7 Rxc7 52. Rb2 e5 53. dxe5 Rc5 54. Rb6 Rxa5 55. Rxh6 Rxe5 56. Rxa6 Re1+ 57. Kh2 Rc1 58. Rg6+ Kf7 59. Rxg5 Rxc3 60. Rc5 Ke6 61. h4 Kd6 62. Rc8 Kd7 63. Ra8 Rc1 64. h5 Re1 65. Ra4 Re4 66. h6 Rh4+ 67. Kg3 Rxh6 68. Rxc4 Rg6+ 69. Rg4 Rb6 70. Rg7+ Ke8 71. f4 1-0

[Event "EU Union-ch U14"]
[Site "Mureck"]
[Date "2008.08.12"]
[Round "7"]
[White "Aperia, Jakob"]
[Black "Neves, Pedro Alexandre Mai"]
[Result "0-1"]
[WhiteElo "1893"]
[BlackElo "1941"]
[PlyCount "74"]
[EventDate "2008.08.06"]
[EventType "swiss"]
[EventRounds "9"]
[EventCountry "AUT"]
[SourceTitle "CBM 125 Extra"]
[Source "ChessBase"]
[SourceDate "2008.09.01"]
[SourceVersion "1"]
[SourceVersionDate "2008.09.01"]
[SourceQuality "1"]

1. c4 Nf6 2. g3 g6 3. Bg2 Bg7 4. Nc3 0-0 5. e4 d6 6. Nge2 c5 7. 0-0 Nc6 8. d3 Ne8 9. Rb1 Nc7 10. Nd5 Rb8 11. Be3 b5 12. Nxc7 Qxc7 13. cxb5 Rxb5 14. d4 cxd4 15. Nxd4 Nxd4 16. Bxd4 Bxd4 17. Qxd4 Be6 18. b3 Rc5 19. f4 f6 20. Rbe1 Rc8 21. Rf2 a5 22. Bf1 Qb8 23. Bd3 Qb4 24. Qxb4 axb4 25. Rfe2 Rc3 26. Bb1 Bg4 27. Rf2 R8c5 28. Kg2 Bc8 29. Rf3 Kf7 30. Rxc3 Rxc3 31. Kf2 h5 32. Re3 Rc5 33. Re2 Ba6 34. Rc2 Rxc2+ 35. Bxc2 Ke6 36. Ke3 d5 37. exd5+ Kxd5 0-1

[Event "EU Union-ch U14"]
[Site "Mureck"]
[Date "2008.08.10"]
[Round "5"]
[White "Aperia, Jakob"]
[Black "Pagerka, Martin"]
[Result "1-0"]
[WhiteElo "1893"]
[BlackElo "2024"]
[PlyCount "45"]
[EventDate "2008.08.06"]
[EventType "swiss"]
[EventRounds "9"]
[EventCountry "AUT"]
[SourceTitle "CBM 125 Extra"]
[Source "ChessBase"]
[SourceDate "2008.09.01"]
[SourceVersion "1"]
[SourceVersionDate "2008.09.01"]
[SourceQuality "1"]

1. c4 e5 2. g3 Nf6 3. Bg2 d5 4. cxd5 Nxd5 5. Nf3 Nc6 6. 0-0 Be7 7. d4 e4 8. Ne5 e3 9. f4 0-0 10. Nxc6 bxc6 11. Nc3 Bf6 12. Nxd5 cxd5 13. Bxe3 Re8 14. Bf2 Ba6 15. Re1 c5 16. Rc1 cxd4 17. Bxd4 Bxe2 18. Qd2 Bxd4+ 19. Qxd4 Qa5 20. Qxd5 Qa6 21. Rc7 Bh5 22. Rce7 Qa4 23. b3 1-0

[Event "SWE-chB"]
[Site "Vadso"]
[Date "2008.07.01"]
[Round "4"]
[White "Westerberg, Jonathan"]
[Black "Aperia, Jakob"]
[Result "1-0"]
[WhiteElo "1896"]
[BlackElo "1830"]
[PlyCount "81"]
[EventDate "2008.06.28"]
[EventType "tourn"]
[EventRounds "13"]
[EventCountry "SWE"]
[SourceTitle "CBM 125 Extra"]
[Source "ChessBase"]
[SourceDate "2008.09.01"]
[SourceVersion "1"]
[SourceVersionDate "2008.09.01"]
[SourceQuality "1"]

1. f4 d5 2. Nf3 c5 3. e3 g6 4. Bb5+ Bd7 5. Qe2 Bg7 6. 0-0 a6 7. Bxd7+ Nxd7 8. d3 e6 9. e4 Ne7 10. Nc3 dxe4 11. dxe4 0-0 12. Be3 Qc7 13. Rad1 Rad8 14. Qf2 b6 15. Qh4 Nf6 16. Rde1 b5 17. Bf2 h6 18. g3 Rfe8 19. e5 Nf5 20. Qh3 Nd7 21. g4 Ne7 22. Bh4 Rb8 23. Ne4 Nd5 24. Bg3 c4 25. Nd6 Rf8 26. f5 exf5 27. gxf5 Nxe5 28. Bxe5 Bxe5 29. Nxe5 Qxd6 30. Qxh6 Rb6 31. fxg6 fxg6 32. Rxf8+ Qxf8 33. Qxf8+ Kxf8 34. Nd7+ Kf7 35. Nxb6 Nxb6 36. Kf2 Na4 37. b3 Nc3 38. bxc4 bxc4 39. a3 Kf6 40. Re8 Nb1 41. Ra8 1-0